| 000 | 01171cab a2200217 4500 | ||
|---|---|---|---|
| 001 | ABS67491 | ||
| 008 | 040301n2003 000 0 eng u | ||
| 035 | _a(Sirsi) u125274 | ||
| 100 | _aSaxon, A. | ||
| 245 | _aImages of England - creating a unique photographic asset of England's listed buildings | ||
| 260 | _c2003 | ||
| 490 |
_aChristie's Bulletin for Professional Advisers _v Winter 2003, 18-20(3) |
||
| 520 | _aImages of England is a photographic record of England's listed buildings, funded by English Heritage. Started in 1999, the database now has 80 000 out of 370 000 written descriptions now matched with their photographs. The written description varies but includes a statement of the building type, along with details of any important architectural features and any historically significant facts. The images are available online at www.imagesofengland.org.uk, as an educational resource. | ||
| 590 | _aABS | ||
| 650 | _aHISTORIC BUILDINGS | ||
| 650 | _aLISTED BUILDINGS | ||
| 650 | _aPHOTOGRAPHIC LIBRARY | ||
| 650 | _aEDUCATIONAL USES | ||
| 690 | _aBUILT ENVIRONMENT-BUILDING MAINTENANCE AND REFURBISHMENT-BUILDING CONSERVATION | ||
| 942 | _n0 | ||
| 999 |
_c74197 _d74197 |
||